000 00557nam a2200229 a 4500
001 nice12345678
003 IN_TiNIC
005 20260116014413.0
008 140911s2006 puna grp 000 0 eng
020 _a9788172612023
_c390
082 0 0 _a291.4
_bOSH30
100 _aOsho,
245 _aAbove All, Don`t Wobble
260 _aPune, India
_bOsho Media International
_c2006
300 _a319p
500 _aincludes index and biblioraphy
650 _aSpirituality
700 1 _aOsho,
902 _bSRS
942 _cBK
999 _c15145
_d15145